01509 a2200253 4500003000500000005001700005040000900022082000800031245009200039260003200131610011600163651002300279942000700302999001900309952010300328952010300431952010300534952010300637952010300740952010300843952010300946952010301049952010301152Nust20170207164426.0 cNust a799 aConference in ECR & Prize Receiving by CIE, cc Col Raja Iqbal sb. Photographs-2014cMCS aRawalpindibMCSc27-02-2014 aPictures of Conference in ECR & Prize Receiving by CIE, cc Col Raja Iqbal sb Photographs-2014,(CD No. 24 Vol.I) aSweet Memories-MCS cBK c208973d208973 00102ddc40708NFICaMCSbMCSd2016-12-12l0o799 CONpMCSPIC-12160r2016-12-08w2016-12-12yBK 00102ddc40708NFICaMCSbMCSd2016-12-12l0o799 CONpMCSPIC-12161r2016-12-08w2016-12-12yBK 00102ddc40708NFICaMCSbMCSd2016-12-12l0o799 CONpMCSPIC-12162r2016-12-08w2016-12-12yBK 00102ddc40708NFICaMCSbMCSd2016-12-12l0o799 CONpMCSPIC-12163r2016-12-08w2016-12-12yBK 00102ddc40708NFICaMCSbMCSd2016-12-12l0o799 CONpMCSPIC-12164r2016-12-08w2016-12-12yBK 00102ddc40708NFICaMCSbMCSd2016-12-12l0o799 CONpMCSPIC-12165r2016-12-08w2016-12-12yBK 00102ddc40708NFICaMCSbMCSd2016-12-12l0o799 CONpMCSPIC-12166r2016-12-08w2016-12-12yBK 00102ddc40708NFICaMCSbMCSd2016-12-12l0o799 CONpMCSPIC-12167r2016-12-08w2016-12-12yBK 00102ddc40708NFICaMCSbMCSd2016-12-12l0o799 CONpMCSPIC-12168r2016-12-08w2016-12-12yBK